[Event "Ostrava Konik op-A"]
[Site "Ostrava"]
[Date "2023.05.11"]
[Round "6"]
[White "Romanishin, Oleg M"]
[Black "Rohit, Krishna S"]
[Result "1/2-1/2"]
[WhiteElo "2405"]
[BlackElo "2385"]
[PlyCount "93"]
[EventDate "2023.05.06"]
[EventType "swiss"]
[EventRounds "9"]
[EventCountry "CZE"]
[SourceTitle "CBM 214 Extra"]
[Source "ChessBase"]
[SourceDate "2023.07.31"]
[SourceVersion "1"]
[SourceVersionDate "2023.07.31"]
[SourceQuality "1"]

1. Nf3 c5 2. g3 Nc6 3. Bg2 e5 4. c4 g6 5. Nc3 Bg7 6. d3 d6 7. Nd2 Nge7 8. Nf1 Rb8 9. Ne3 a6 10. a4 b6 11. Ned5 0-0 12. Bg5 f6 13. Bd2 Be6 14. 0-0 Qd7 15. a5 Nxa5 16. Nxe7+ Qxe7 17. Nd5 Qd7 18. b4 Nc6 19. Rxa6 Nxb4 20. Bxb4 cxb4 21. Nxb4 f5 22. Bc6 Qf7 23. Qa4 e4 24. Ra7 Qf6 25. Bd5 Kh8 26. Qc6 exd3 27. Nxd3 b5 28. Bxe6 Qxe6 29. cxb5 Qxe2 30. Nf4 Qxb5 31. Qxb5 Rxb5 32. Ne6 Rg8 33. Rc1 Bb2 34. Rcc7 Re8 35. Ng5 Kg8 36. Nf7 Re1+ 37. Kg2 Rb8 38. Nh6+ Kf8 39. Rxh7 Bd4 40. Raf7+ Ke8 41. Rc7 Re2 42. Kh3 Re6 43. Nf7 Bf6 44. Ng5 Re2 45. Nf7 Re6 46. Rh6 Bg7 47. Nxd6+ 1/2-1/2

[Event "Ostrava Konik op-A"]
[Site "Ostrava"]
[Date "2023.05.10"]
[Round "5"]
[White "Kantorik, Marian"]
[Black "Romanishin, Oleg M"]
[Result "0-1"]
[WhiteElo "2224"]
[BlackElo "2405"]
[PlyCount "110"]
[EventDate "2023.05.06"]
[EventType "swiss"]
[EventRounds "9"]
[EventCountry "CZE"]
[SourceTitle "CBM 214 Extra"]
[Source "ChessBase"]
[SourceDate "2023.07.31"]
[SourceVersion "1"]
[SourceVersionDate "2023.07.31"]
[SourceQuality "1"]

1. Nf3 Nf6 2. c4 g6 3. Nc3 d6 4. d4 Bg4 5. e3 Bg7 6. h3 Bxf3 7. Qxf3 Nc6 8. Qd1 0-0 9. Be2 a5 10. 0-0 e5 11. d5 Ne7 12. e4 Nd7 13. Be3 f5 14. exf5 Nxf5 15. Qd2 Nxe3 16. fxe3 Nc5 17. Rxf8+ Qxf8 18. Rf1 Qe7 19. e4 Qh4 20. Qe1 Qxe1 21. Rxe1 Bh6 22. Rd1 Be3+ 23. Kh2 Rf8 24. Bf3 h5 25. b3 Kg7 26. Na4 Nd7 27. Nb2 Nf6 28. h4 Kh6 29. Nd3 g5 30. hxg5+ Kxg5 31. Re1 Bd4 32. Kg3 b6 33. Re2 Ng8 34. Re1 Nf6 35. Re2 Rg8 36. Re1 Kh6+ 37. Kh2 Rg5 38. Kh3 Kg6 39. Re2 Ng8 40. Re1 Nf6 41. Re2 Kh6 42. Re1 Rg8 43. Re2 Kg5 44. g3 Rf8 45. Kg2 h4 46. Ne1 Rh8 47. gxh4+ Kxh4 48. Kh2 Ng4+ 49. Bxg4 Kxg4+ 50. Kg2 Rh3 51. Nc2 Rg3+ 52. Kh2 Bg1+ 53. Kh1 Kf3 54. Rd2 Bf2 55. Rd3+ Kxe4 0-1

[Event "Vecindario Montalvo Memorial 15th"]
[Site "Vecindario"]
[Date "2023.04.08"]
[Round "8"]
[White "Romanishin, Oleg M"]
[Black "Mamani Beltran, Deniman"]
[Result "1/2-1/2"]
[WhiteElo "2412"]
[BlackElo "2113"]
[PlyCount "88"]
[EventDate "2023.04.02"]
[EventType "swiss"]
[EventRounds "9"]
[EventCountry "ESP"]
[SourceTitle "CBM 213 Extra"]
[Source "ChessBase"]
[SourceDate "2023.05.31"]
[SourceVersion "1"]
[SourceVersionDate "2023.05.31"]
[SourceQuality "1"]

1. d4 d5 2. Nf3 Nf6 3. c4 e6 4. g3 Be7 5. Bg2 0-0 6. Qc2 dxc4 7. Qxc4 c6 8. Bg5 b5 9. Qc2 Bb7 10. Bxf6 gxf6 11. 0-0 Nd7 12. Nc3 Rc8 13. Rfd1 Qb6 14. Rac1 Rfd8 15. h4 c5 16. d5 Nf8 17. e4 c4 18. Nd4 a6 19. Qe2 Bc5 20. Nf3 Bb4 21. Nh2 Ng6 22. Ng4 Be7 23. h5 Ne5 24. Nxe5 fxe5 25. Bh3 Kh8 26. Qf3 Rf8 27. Rc2 b4 28. Na4 Qb5 29. b3 f5 30. Nb2 fxe4 31. Qxe4 Bxd5 32. Qe1 c3 33. Nc4 e4 34. Bg2 Qc6 35. Qe3 Qc5 36. Qe2 Bxc4 37. bxc4 Qxc4 38. Qxe4 Qxe4 39. Bxe4 Rcd8 40. Rxd8 Bxd8 41. Re2 Bb6 42. Bc2 a5 43. Kg2 e5 44. h6 Rf6 1/2-1/2

[Event "Vecindario Montalvo Memorial 15th"]
[Site "Vecindario"]
[Date "2023.04.07"]
[Round "7"]
[White "Oudeh Mishmesh, Omar"]
[Black "Romanishin, Oleg M"]
[Result "1/2-1/2"]
[WhiteElo "2165"]
[BlackElo "2412"]
[PlyCount "44"]
[EventDate "2023.04.02"]
[EventType "swiss"]
[EventRounds "9"]
[EventCountry "ESP"]
[SourceTitle "CBM 213 Extra"]
[Source "ChessBase"]
[SourceDate "2023.05.31"]
[SourceVersion "1"]
[SourceVersionDate "2023.05.31"]
[SourceQuality "1"]

1. e4 e5 2. Bc4 Nf6 3. d3 c6 4. Nf3 d5 5. Bb3 Bd6 6. 0-0 0-0 7. Nc3 dxe4 8. dxe4 Na6 9. Be3 Qe7 10. h3 Nc5 11. Nd2 Ne6 12. Qf3 Nd4 13. Bxd4 exd4 14. Ne2 Nd7 15. Nc4 Ne5 16. Nxe5 Qxe5 17. Ng3 Be6 18. Qd3 g5 19. Rad1 Rad8 20. Qxd4 Qxd4 21. Rxd4 Bxg3 22. Rxd8 Bxf2+ 1/2-1/2

[Event "Vecindario Montalvo Memorial 15th"]
[Site "Vecindario"]
[Date "2023.04.06"]
[Round "6"]
[White "Romanishin, Oleg M"]
[Black "Sosa Suarez, Carla Cristina"]
[Result "1-0"]
[WhiteElo "2412"]
[BlackElo "2044"]
[PlyCount "141"]
[EventDate "2023.04.02"]
[EventType "swiss"]
[EventRounds "9"]
[EventCountry "ESP"]
[SourceTitle "CBM 213 Extra"]
[Source "ChessBase"]
[SourceDate "2023.05.31"]
[SourceVersion "1"]
[SourceVersionDate "2023.05.31"]
[SourceQuality "1"]

1. d4 Nf6 2. Nf3 d5 3. c4 dxc4 4. e3 a6 5. Bxc4 e6 6. 0-0 c5 7. Bb3 b5 8. a4 Bb7 9. axb5 axb5 10. Rxa8 Bxa8 11. dxc5 Qxd1 12. Rxd1 Bxc5 13. Nc3 b4 14. Na4 Be7 15. Nb6 Bxf3 16. gxf3 0-0 17. Kf1 Nc6 18. Nc4 Ra8 19. Bd2 Kf8 20. Be1 Bc5 21. Rc1 Nd7 22. f4 Ra6 23. Bd1 Ra2 24. Nd2 Na7 25. Bb3 Ra6 26. Ne4 Be7 27. Rc7 Ke8 28. Rc1 h6 29. Bc4 Rc6 30. Nd2 Nb5 31. Ra1 Nd6 32. Be2 Rc2 33. Bd1 Rc8 34. Ra7 Nb6 35. Be2 Bf6 36. Ra6 Rb8 37. Nf3 Bxb2 38. Bxb4 Ndc4 39. Bc5 Kd7 40. Ra7+ Kc6 41. Bd4 Rb7 42. Ra6 Kc7 43. Rxb6 Rxb6 44. Bxc4 Rb4 45. Bxb2 Rxb2 46. Ne5 f6 47. Nf3 Kd6 48. Nd4 e5 49. Nf5+ Kc5 50. fxe5 fxe5 51. Bd3 Rb7 52. Kg2 h5 53. h4 Rb4 54. Kh3 e4 55. Be2 g6 56. Ng3 Kd5 57. Bf1 Rb2 58. Kg2 Ke5 59. Bc4 Rb7 60. Ba6 Rb6 61. Bc8 Rb8 62. Bd7 Rb6 63. Be8 Kd5 64. Ne2 Ke5 65. Nf4 Rb8 66. Bxg6 Rg8 67. Kh3 Rg7 68. Bxh5 Rg1 69. Kh2 Rg8 70. Bg6 Rh8 71. h5 1-0

[Event "Vecindario Montalvo Memorial 15th"]
[Site "Vecindario"]
[Date "2023.04.03"]
[Round "3"]
[White "Romanishin, Oleg M"]
[Black "Perez Perez, Alejandro"]
[Result "1-0"]
[WhiteElo "2412"]
[BlackElo "1989"]
[PlyCount "53"]
[EventDate "2023.04.02"]
[EventType "swiss"]
[EventRounds "9"]
[EventCountry "ESP"]
[SourceTitle "CBM 213 Extra"]
[Source "ChessBase"]
[SourceDate "2023.05.31"]
[SourceVersion "1"]
[SourceVersionDate "2023.05.31"]
[SourceQuality "1"]

1. d4 d5 2. Nf3 Nf6 3. c4 e6 4. g3 Be7 5. Bg2 0-0 6. Qc2 dxc4 7. Qxc4 c6 8. 0-0 b5 9. Qc2 Bb7 10. Bg5 Nbd7 11. Nbd2 c5 12. Bxf6 gxf6 13. a4 a6 14. Ng5 fxg5 15. Bxb7 Rb8 16. Bxa6 bxa4 17. Nf3 Qb6 18. Qxa4 Rfd8 19. Bd3 cxd4 20. Qa7 Qxa7 21. Rxa7 Rxb2 22. Rc1 g4 23. Nxd4 Bc5 24. Ra4 Nb6 25. Nxe6 Bxf2+ 26. Kxf2 Rxd3 27. Ra8+ 1-0

[Event "Rio de Janeiro Duchamp op 4th"]
[Site "Rio de Janeiro"]
[Date "2022.12.14"]
[Round "9"]
[White "Diamant, Andre"]
[Black "Romanishin, Oleg M"]
[Result "1/2-1/2"]
[WhiteElo "2524"]
[BlackElo "2412"]
[PlyCount "118"]
[EventDate "2022.12.07"]
[EventType "swiss"]
[EventRounds "9"]
[EventCountry "BRA"]
[SourceTitle "CBM 211 Extra"]
[Source "ChessBase"]
[SourceDate "2023.01.31"]
[SourceVersion "1"]
[SourceVersionDate "2023.01.31"]
[SourceQuality "1"]

1. e4 e5 2. Bc4 Nf6 3. d3 Nc6 4. Nc3 Na5 5. Nge2 d6 6. 0-0 Be7 7. a4 Nxc4 8. dxc4 a5 9. Ng3 0-0 10. b3 g6 11. Bh6 Re8 12. h3 c6 13. Qf3 Kh8 14. Rad1 Ng8 15. Be3 Qc7 16. Qe2 Bf8 17. f4 exf4 18. Rxf4 Bg7 19. Bd4 Be5 20. Qf2 f6 21. Rf3 Be6 22. Nge2 g5 23. Rfd3 Qg7 24. c5 dxc5 25. Bxe5 c4 26. bxc4 fxe5 27. Ng3 g4 28. h4 Qf8 29. c5 Qe7 30. h5 Rf8 31. Qe3 Rf7 32. Rd6 Raf8 33. Nce2 Bc8 34. Rf1 Rxf1+ 35. Nxf1 Nf6 36. Nfg3 Ne8 37. Rd1 Nc7 38. Qc3 Na6 39. Rd6 b6 40. Rxc6 Nxc5 41. Qa1 Bd7 42. Rxb6 Nxa4 43. Rb7 Qd6 44. Rxd7 Qxd7 45. Qxe5+ Qg7 46. Qxa5 Nb2 47. Nf5 Qf6 48. Qc5 Na4 49. Qa3 Nb6 50. Nf4 Nc4 51. Qg3 Nd2 52. Qxg4 Nxe4 53. h6 Qa1+ 54. Kh2 Qh1+ 55. Kxh1 Nf2+ 56. Kh2 Nxg4+ 57. Kg3 Rxf5 58. Kxg4 Rc5 59. Kh4 Rxc2 1/2-1/2

[Event "Rio de Janeiro Duchamp op 4th"]
[Site "Rio de Janeiro"]
[Date "2022.12.10"]
[Round "5"]
[White "Guimaraes, Diogo Duarte"]
[Black "Romanishin, Oleg M"]
[Result "1/2-1/2"]
[WhiteElo "2290"]
[BlackElo "2412"]
[PlyCount "74"]
[EventDate "2022.12.07"]
[EventType "swiss"]
[EventRounds "9"]
[EventCountry "BRA"]
[SourceTitle "CBM 211 Extra"]
[Source "ChessBase"]
[SourceDate "2023.01.31"]
[SourceVersion "1"]
[SourceVersionDate "2023.01.31"]
[SourceQuality "1"]

1. e4 e5 2. Nf3 Nc6 3. Bc4 Nf6 4. d4 exd4 5. e5 Ne4 6. Qe2 Nc5 7. 0-0 Be7 8. Rd1 d5 9. Bb5 Ne6 10. c3 a6 11. Bxc6+ bxc6 12. cxd4 c5 13. dxc5 Bxc5 14. Nc3 Bb7 15. Ne4 Be7 16. Ng3 0-0 17. Nf5 c5 18. h4 d4 19. b4 Re8 20. bxc5 Bxc5 21. Be3 Qd7 22. Rac1 Rac8 23. N5xd4 Nxd4 24. Nxd4 Rxe5 25. Nf3 Bxf3 26. Qxf3 Qe8 27. Bxc5 Rexc5 28. Rxc5 Rxc5 29. Qe2 Rc8 30. Qxa6 h5 31. a4 g6 32. a5 Kg7 33. Qb7 Rc2 34. Qf3 Qa4 35. Qd3 Ra2 36. Re1 Qb4 37. Re4 Qc5 1/2-1/2

[Event "Rio de Janeiro Duchamp op 4th"]
[Site "Rio de Janeiro"]
[Date "2022.12.10"]
[Round "4"]
[White "Romanishin, Oleg M"]
[Black "Tomiello, Lucas Costamilan"]
[Result "1/2-1/2"]
[WhiteElo "2412"]
[BlackElo "2209"]
[PlyCount "43"]
[EventDate "2022.12.07"]
[EventType "swiss"]
[EventRounds "9"]
[EventCountry "BRA"]
[SourceTitle "CBM 211 Extra"]
[Source "ChessBase"]
[SourceDate "2023.01.31"]
[SourceVersion "1"]
[SourceVersionDate "2023.01.31"]
[SourceQuality "1"]

1. Nf3 d5 2. g3 c5 3. Bg2 Nf6 4. 0-0 e6 5. d4 cxd4 6. Nxd4 e5 7. Nb3 Be6 8. c4 Nc6 9. cxd5 Bxd5 10. Nc3 Bxg2 11. Kxg2 Qxd1 12. Rxd1 Bb4 13. Kf3 Ke7 14. e4 Rhd8 15. Nd5+ Nxd5 16. exd5 Na5 17. Nxa5 Bxa5 18. Be3 Bb6 19. Rac1 Rac8 20. Ke4 f6 21. g4 Kd6 22. b3 1/2-1/2

[Event "Rio de Janeiro Duchamp op 4th"]
[Site "Rio de Janeiro"]
[Date "2022.12.08"]
[Round "2"]
[White "Romanishin, Oleg M"]
[Black "Campos, Alexandre Ferreira"]
[Result "1-0"]
[WhiteElo "2412"]
[BlackElo "2034"]
[PlyCount "81"]
[EventDate "2022.12.07"]
[EventType "swiss"]
[EventRounds "9"]
[EventCountry "BRA"]
[SourceTitle "CBM 211 Extra"]
[Source "ChessBase"]
[SourceDate "2023.01.31"]
[SourceVersion "1"]
[SourceVersionDate "2023.01.31"]
[SourceQuality "1"]

1. d4 d5 2. Nf3 Nf6 3. c4 e6 4. g3 b6 5. Bg2 Bb7 6. 0-0 Be7 7. Nc3 0-0 8. Ne5 Nbd7 9. Qa4 c6 10. Bf4 Nxe5 11. Bxe5 a6 12. Qb3 Nd7 13. Bf4 c5 14. cxd5 cxd4 15. d6 Bxg2 16. dxe7 Qxe7 17. Kxg2 dxc3 18. Qxc3 e5 19. Be3 Rfc8 20. Qb3 b5 21. Rac1 Nb6 22. Bxb6 Qb7+ 23. e4 Qxb6 24. Qd5 Qf6 25. Rxc8+ Rxc8 26. Rc1 Rd8 27. Qc6 Qg6 28. Rd1 Rf8 29. Rd6 Qg4 30. Qd5 h6 31. Qxe5 Qe2 32. Rxa6 f5 33. Qd5+ Kh8 34. exf5 Qxb2 35. Re6 Qc2 36. g4 b4 37. h3 Qc7 38. Qe5 Qb7+ 39. Kg3 Kh7 40. Re7 Qb8 41. Rxg7+ 1-0

[Event "Lvov-Berlin m Charity"]
[Site "Tornelo INT"]
[Date "2022.09.23"]
[Round "1"]
[White "Romanishin, Oleg M"]
[Black "Berger, Steve"]
[Result "1/2-1/2"]
[WhiteElo "2409"]
[BlackElo "2425"]
[PlyCount "124"]
[EventDate "2022.09.23"]
[EventType "team-match (rapid)"]
[EventRounds "2"]
[EventCountry "NET"]
[SourceTitle "CBM 210 Extra"]
[Source "ChessBase"]
[SourceDate "2022.11.30"]
[SourceVersion "1"]
[SourceVersionDate "2022.11.30"]
[SourceQuality "1"]
[WhiteTeam "Lvov CF"]
[BlackTeam "Berlin SF"]
[WhiteTeamCountry "UKR"]
[BlackTeamCountry "GER"]

1. d4 d5 2. Nf3 Nf6 3. c4 dxc4 4. e3 e6 5. Bxc4 a6 6. 0-0 c5 7. Bb3 b5 8. Nc3 Bb7 9. Qe2 Nbd7 10. Rd1 Qb8 11. d5 c4 12. dxe6 fxe6 13. Bc2 Nc5 14. e4 b4 15. Na4 b3 16. axb3 cxb3 17. Nxc5 bxc2 18. Qxc2 Qc8 19. Qa4+ Bc6 20. Qc4 Bxc5 21. Qxc5 Bxe4 22. Qxc8+ Rxc8 23. Rxa6 Bxf3 24. gxf3 Kf7 25. Bf4 Rc5 26. Re1 Re8 27. Be5 Rb5 28. f4 Re7 29. Rea1 Nd5 30. Ra7 Rbb7 31. Rxb7 Rxb7 32. Kg2 Kg6 33. Ra8 Kf5 34. Kg3 Ke4 35. f3+ Kf5 36. Rf8+ Kg6 37. Re8 Kf7 38. Rb8 Rd7 39. Kf2 Ne7 40. Ke2 Nc6 41. Rb6 Nxe5 42. fxe5 g5 43. f4 gxf4 44. Rb4 Rd5 45. Rxf4+ Kg7 46. Re4 Kg6 47. b4 Kf5 48. Ke3 Rxe5 49. Rxe5+ Kxe5 50. h4 h5 51. b5 Kd5 52. Kf4 Kc5 53. Kg5 Kxb5 54. Kxh5 e5 55. Kg4 Kc4 56. h5 e4 57. h6 e3 58. h7 e2 59. h8Q e1Q 60. Qc8+ Kb3 61. Qb7+ Qb4+ 62. Qxb4+ Kxb4 1/2-1/2

[Event "Warsaw Najdorf Memorial op-A"]
[Site "Warsaw"]
[Date "2022.07.15"]
[Round "7"]
[White "Sarkar, Justin"]
[Black "Romanishin, Oleg M"]
[Result "1/2-1/2"]
[WhiteElo "2346"]
[BlackElo "2404"]
[PlyCount "46"]
[EventDate "2022.07.09"]
[EventType "swiss"]
[EventRounds "9"]
[EventCountry "POL"]
[SourceTitle "CBM 209 Extra"]
[Source "ChessBase"]
[SourceDate "2022.09.30"]
[SourceVersion "1"]
[SourceVersionDate "2022.09.30"]
[SourceQuality "1"]

1. e4 e5 2. Nf3 Nc6 3. Bc4 Nf6 4. d3 Be7 5. 0-0 0-0 6. Re1 d6 7. a4 a5 8. c3 Kh8 9. Qb3 Qe8 10. h3 Nd7 11. Be3 Nc5 12. Bxc5 dxc5 13. Nbd2 Bd6 14. Nf1 Nd8 15. Ne3 c6 16. Qb6 Ne6 17. g3 Bc7 18. Qb3 Rb8 19. Qc2 f6 20. Kg2 Qg6 21. Kh2 Qh5 22. Ng1 Qe8 23. Kg2 Ng5 1/2-1/2